[Event "Reykjavik Open 2026"]
[Site "Reykjavik ISL"]
[Date "2026.03.26"]
[Round "2.173"]
[White "Gulyas Adam Ferenc"]
[Black "Niori, Nona"]
[Result "1/2-1/2"]
[WhiteElo "1705"]
[BlackElo "1421"]
[WhiteFideId "2330059"]
[BlackFideId "7006527"]
[EventDate "2026.03.25"]

1. e4 d5 2. exd5 Qxd5 3. Nc3 Qd8 4. d4 c6 5. Nf3 Bf5 6. Bc4 e6 7. O-O Nf6 8. Nh4
Bg6 9. Bg5 Be7 10. Bb3 Nbd7 11. f4 Nd5 12. Bxe7 Qxe7 13. Nxd5 cxd5 14. Qe1 Be4
15. f5 O-O 16. c4 exf5 17. Nxf5 Qg5 18. Ng3 Bd3 19. Qc1 Qxc1 20. Rfxc1 dxc4 21.
Bxc4 Bxc4 22. Rxc4 Rac8 23. Rac1 Nb6 24. Rc7 Rb8 25. Nf5 g6 26. Nd6 Rbd8 27. Nb5
a6 28. Rxb7 Na4 29. Nc3 Rxd4 30. Nxa4 Rxa4 31. a3 Kg7 32. Rcc7 h5 33. g3 Rd4 34.
b4 Rd1+ 35. Kg2 Rd2+ 36. Kh3 Ra2 37. Rc3 Kh6 38. Rcc7 f5 39. Rh7+ Kg5 40. Rhg7
Rxa3 41. Kg2 Rf6 42. Rg8 f4 43. gxf4+ Rxf4 44. Rb6 Ra2+ 45. Kg1 Rg4+ 46. Kf1
Rf4+ 47. Kg1 Ra1+ 48. Kg2 Ra2+ 49. Kg1 Rg4+ 50. Kf1 1/2-1/2

[Event "Reykjavik Open 2026"]
[Site "Reykjavik ISL"]
[Date "2026.03.26"]
[Round "2.191"]
[White "Oskarsson, Markus Orri"]
[Black "Jonsdottir, Halldora"]
[Result "1-0"]
[WhiteElo "2049"]
[BlackElo "1593"]
[WhiteFideId "2320118"]
[BlackFideId "2321939"]
[EventDate "2026.03.25"]

1. d4 d5 2. c4 e6 3. Nc3 Nf6 4. cxd5 exd5 5. Bg5 Be7 6. e3 c6 7. Bd3 Bg4 8. f3
Bh5 9. Nge2 Nbd7 10. O-O O-O 11. Qd2 Re8 12. Bh4 Nf8 13. Rae1 Bg6 14. Bf2 Bd6
15. Ng3 Qb6 16. Nf5 Rad8 17. Bh4 Bxf5 18. Bxf6 Bxd3 19. Bxd8 Qa6 20. Bh4 Bxf1
21. Rxf1 Qb6 22. Bf2 Qc7 23. g3 Ne6 24. Kg2 h6 25. e4 dxe4 26. fxe4 f6 27. Qd3
Ng5 28. Be3 Ne6 29. Qe2 Qc8 30. Qh5 Nf8 31. e5 Be7 32. Bxh6 gxh6 33. exf6 Bxf6
34. Rxf6 Qd7 35. d5 Qe7 36. Rxh6 Qg7 37. Rd6 Re7 38. dxc6 bxc6 39. Rxc6 Rd7 40.
Rc4 Qh7 41. Rg4+ Rg7 42. Qxh7+ Kxh7 43. Rxg7+ Kxg7 44. Kf3 Kf6 45. Ke4 Ke6 46.
b4 a6 47. h4 Nd7 48. g4 Nf6+ 49. Kf4 Nd5+ 50. Nxd5 Kxd5 51. h5 Kc4 52. h6 Kxb4
53. h7 Ka3 54. h8=Q Kxa2 55. Qc3 a5 56. Qxa5+ Kb3 57. g5 Kc4 58. g6 Kd4 59. g7
Kc4 60. g8=Q+ Kd3 61. Qb3+ Ke2 62. Qf3# 1-0

[Event "Reykjavik Open 2026"]
[Site "Reykjavik ISL"]
[Date "2026.03.26"]
[Round "3.51"]
[White "Kleinert, Juergen"]
[Black "Zhu, Yilun"]
[Result "0-1"]
[WhiteElo "1863"]
[BlackElo "2087"]
[WhiteFideId "4659180"]
[BlackFideId "8609292"]
[EventDate "2026.03.25"]

1. e4 c6 2. d4 d5 3. e5 c5 4. c3 Nc6 5. Be3 Nh6 6. Bxh6 gxh6 7. Bb5 Qb6 8. Bxc6+
bxc6 9. Qd2 Rb8 10. b3 e6 11. Ne2 Ba6 12. Qe3 cxd4 13. Nxd4 Rg8 14. g3 Rd8 15.
Qd2 h5 16. a4 Qc7 17. f4 h4 18. Qf2 Qb7 19. Nd2 c5 20. N4f3 Be7 21. Nxh4 Bxh4
22. gxh4 d4 23. Qf3 Qxf3 24. Nxf3 Rg2 25. c4 Bb7 26. Nd2 Ke7 27. O-O-O Rdg8 28.
Rhe1 Rxh2 29. b4 Rgg2 30. bxc5 Bc6 31. Rg1 Bxa4 32. Rxg2 Rxg2 33. Rf1 Rh2 34.
Rf3 Rh1+ 35. Kb2 Rh2 36. Kc1 Rh1+ 37. Kb2 Rd1 38. Rd3 Kd7 39. Rxd4+ Kc6 40. Kc3
a5 41. Rd6+ Kc7 42. Kb2 Rh1 43. Ka3 Bc6 44. Nb3 Rh3 45. Kb2 Rxh4 46. Nxa5 Bd7
47. Rd4 Bc8 48. Kc3 Rh1 49. Rd3 h5 50. Rg3 Rh4 51. Rg5 Bd7 52. Kd3 Rxf4 53. Rxh5
Rf3+ 54. Kc2 Ba4+ 55. Kb2 Bd1 56. Rg5 Rf2+ 57. Ka3 Bc2 58. Kb4 Rf1 59. c6 Re1
60. Nb7 Bg6 61. Kc5 Bf5 62. Kd4 Re4+ 63. Kc3 Rxe5 64. Rg8 Bg6 65. Nd8 Re3+ 66.
Kb4 Re5 67. Rf8 Rf5 68. Kc3 e5 0-1

[Event "Reykjavik Open 2026"]
[Site "Reykjavik ISL"]
[Date "2026.03.26"]
[Round "3.52"]
[White "Singh, Ian Avery"]
[Black "Bombek, Peter"]
[Result "1/2-1/2"]
[BlackTitle "FM"]
[WhiteElo "1863"]
[BlackElo "2112"]
[WhiteFideId "39902676"]
[BlackFideId "14902230"]
[EventDate "2026.03.25"]

1. e4 e6 2. d4 d5 3. e5 c5 4. c3 Nc6 5. Nf3 Bd7 6. Be2 Nge7 7. O-O Ng6 8. Be3
Be7 9. Nbd2 O-O 10. Re1 cxd4 11. cxd4 Rc8 12. g3 Nb4 13. Rf1 f6 14. exf6 Bxf6
15. Ne1 Qb6 16. a3 Na6 17. Nef3 Nc7 18. Rb1 Ne8 19. b4 Nd6 20. Nb3 Ba4 21. Qd3
Bb5 22. Qd1 Ne4 23. Bd2 Ba4 24. Be1 Nc3 25. Bxc3 Rxc3 26. Bd3 Be7 27. Kg2 Qd6
28. Bxg6 Rfxf3 29. Bc2 Rf8 30. Qd2 Rfc8 31. Bd1 Bxb3 32. Bxb3 Bf6 33. Rfe1 Qa6
34. Qd1 Rd3 35. Qg4 Rxd4 36. Qxe6+ Qxe6 37. Rxe6 Rd8 38. Rd1 Rxd1 39. Bxd1 Kf7
40. Re2 d4 41. Rc2 Rd7 42. Kf1 Ke7 43. Rc8 Kd6 44. Ke2 Re7+ 1/2-1/2

[Event "Reykjavik Open 2026"]
[Site "Reykjavik ISL"]
[Date "2026.03.26"]
[Round "3.53"]
[White "Hammari, Vinjar"]
[Black "Jorgensen, Peter"]
[Result "1-0"]
[WhiteTitle "FM"]
[WhiteElo "2135"]
[BlackElo "1862"]
[WhiteFideId "1552007"]
[BlackFideId "1482556"]
[EventDate "2026.03.25"]

1. e4 Nc6 2. Nc3 Nf6 3. Nf3 e5 4. Be2 Bb4 5. Nd5 Nxe4 6. Nxb4 Nxb4 7. c3 Nc6 8.
Qa4 Nc5 9. Qa3 Ne6 10. O-O e4 11. Ne1 Nf4 12. Bb5 Qg5 13. Qa4 O-O 14. d4 a6 15.
Bxf4 Qxf4 16. f3 d5 17. Bxc6 bxc6 18. fxe4 Qxe4 19. Nf3 Qe3+ 20. Rf2 Qh6 21. Ne5
Bb7 22. Raf1 f6 23. Qb4 Qe3 24. Nd7 1-0

[Event "Reykjavik Open 2026"]
[Site "Reykjavik ISL"]
[Date "2026.03.26"]
[Round "3.54"]
[White "Rutkowski, Feliks"]
[Black "Meeuwissen, Morris"]
[Result "1-0"]
[WhiteElo "2103"]
[BlackElo "1857"]
[WhiteFideId "21064920"]
[BlackFideId "40107418"]
[EventDate "2026.03.25"]

1. e4 c5 2. Nf3 d6 3. d4 Nf6 4. Nc3 cxd4 5. Nxd4 Nc6 6. Bc4 Qb6 7. Nb3 e6 8. Be3
Qd8 9. Nd4 Be7 10. Qe2 O-O 11. Bb3 a6 12. O-O-O Bd7 13. g4 Nxd4 14. Bxd4 e5 15.
Be3 Nxg4 16. Bd2 Bg5 17. f3 Bxd2+ 18. Qxd2 Nf6 19. Qxd6 Qb8 20. Rhg1 Qxd6 21.
Rxd6 Be6 22. Bxe6 fxe6 23. Rxe6 Rae8 24. Rxe8 Nxe8 25. Rg3 h6 26. Kd2 Nf6 27.
Ke3 Ne8 28. Rg6 Nf6 29. Nd5 Kf7 30. Rg2 Ne8 31. Rd2 Nd6 32. b3 Rc8 33. c4 g5 34.
Nb6 Rc6 35. c5 Nb5 36. Rd7+ Kg6 37. Rxb7 Rxc5 38. Nc4 Nd4 39. Nxe5+ Rxe5 40.
Kxd4 Re6 41. e5 h5 42. Ke4 Rc6 43. Ra7 Rb6 44. Rd7 Rb4+ 45. Rd4 a5 46. Rxb4 axb4
47. Kd5 Kf7 48. Kd6 1-0

[Event "Reykjavik Open 2026"]
[Site "Reykjavik ISL"]
[Date "2026.03.26"]
[Round "3.55"]
[White "Klasinc, Kristjan"]
[Black "Brackmann, Hendrik"]
[Result "0-1"]
[WhiteElo "1853"]
[BlackElo "2060"]
[WhiteFideId "12966460"]
[BlackFideId "12905135"]
[EventDate "2026.03.25"]

1. e4 c5 2. Nf3 Nc6 3. d3 e5 4. c3 g6 5. g3 Bg7 6. Bg2 Nge7 7. O-O O-O 8. Re1 d6
9. a3 h6 10. b4 a6 11. Ra2 Be6 12. Rd2 Qd7 13. Bb2 Bg4 14. Qb3 b5 15. Nh4 Rfb8
16. f4 g5 17. fxg5 hxg5 18. Nf5 Nxf5 19. exf5 Bxf5 20. bxc5 dxc5 21. Qd5 Qxd5
22. Bxd5 Rc8 23. d4 c4 24. dxe5 Rab8 25. e6 fxe6 26. Bxe6+ Bxe6 27. Rxe6 Ne5 28.
Rd5 Rd8 29. Red6 Rxd6 30. Rxd6 Nd3 31. Rxd3 cxd3 32. Bc1 Re8 33. Bd2 g4 34. Kf1
Re2 35. Bf4 Rxh2 0-1

[Event "Reykjavik Open 2026"]
[Site "Reykjavik ISL"]
[Date "2026.03.26"]
[Round "3.56"]
[White "Lilliehook, Victor"]
[Black "Hisnay, Gregory"]
[Result "1-0"]
[WhiteElo "2128"]
[BlackElo "1846"]
[WhiteFideId "1752103"]
[BlackFideId "2093421"]
[EventDate "2026.03.25"]

1. e4 e5 2. Nf3 Nf6 3. d4 Nxe4 4. dxe5 d5 5. Nbd2 Nxd2 6. Bxd2 Be7 7. Bd3 Bg4 8.
h3 Bh5 9. c3 Nd7 10. Bf4 Nc5 11. Bf5 Ne6 12. g4 Bg6 13. Bg3 c6 14. Nd4 Nxd4 15.
Qxd4 Qb6 16. O-O-O Qxd4 17. cxd4 Bxf5 18. gxf5 Kd7 19. Rhe1 Rae8 20. Rd3 Bd8 21.
b4 g6 22. Rf3 gxf5 23. Rxf5 Ke6 24. Rh5 Bb6 25. Rd1 Reg8 26. Bh4 Bd8 27. Bxd8
Rxd8 28. Rg1 Rdg8 29. Rxg8 Rxg8 30. Rh6+ Kf5 31. Rf6+ Ke4 32. Rxf7 Kxd4 33. e6
Rg6 34. e7 Re6 35. h4 Kc3 36. Rf3+ 1-0

[Event "Reykjavik Open 2026"]
[Site "Reykjavik ISL"]
[Date "2026.03.26"]
[Round "3.57"]
[White "Smith, Steve"]
[Black "Thorsteinsdottir, Hallgerdur"]
[Result "1/2-1/2"]
[BlackTitle "WFM"]
[WhiteElo "1842"]
[BlackElo "2042"]
[WhiteFideId "1802119"]
[BlackFideId "2302454"]
[EventDate "2026.03.25"]

1. e4 d5 2. exd5 Qxd5 3. Nc3 Qd6 4. d4 Nf6 5. Nf3 c6 6. Ne5 Nbd7 7. Bf4 Nd5 8.
Nxd5 Qxd5 9. Qd2 Nxe5 10. dxe5 Qxd2+ 11. Bxd2 Bf5 12. O-O-O O-O-O 13. Bc4 e6 14.
Be3 Rxd1+ 15. Rxd1 b6 16. a4 Be7 17. a5 Kc7 18. a6 Be4 19. f3 Bd5 20. Be2 c5 21.
Bb5 Bc6 22. c4 h5 23. f4 h4 24. Kc2 Bxb5 25. cxb5 Rh5 26. Kd3 f6 27. Ke4 f5+ 28.
Kf3 Rh8 29. Ke2 Rd8 30. Rxd8 Bxd8 31. Kf3 Kd7 32. g4 hxg3 33. hxg3 Ke8 34. g4 g6
35. gxf5 gxf5 36. Bf2 Kf7 37. Kg3 Kg6 38. Kh3 Kh5 39. b3 Kg6 40. Kg2 Kh5 41. Kh3
Kg6 42. Bg1 Kh5 43. Be3 Kg6 44. Bg1 Kh5 45. Be3 1/2-1/2

[Event "Reykjavik Open 2026"]
[Site "Reykjavik ISL"]
[Date "2026.03.26"]
[Round "3.58"]
[White "Heidarsson, Arnar Milutin"]
[Black "Hauksdottir, Hrund"]
[Result "1/2-1/2"]
[WhiteElo "2099"]
[BlackElo "1830"]
[WhiteFideId "2312875"]
[BlackFideId "2302608"]
[EventDate "2026.03.25"]

1. d4 d5 2. c4 e6 3. Nc3 Nf6 4. Nf3 Be7 5. Bf4 O-O 6. h3 c6 7. e3 Nbd7 8. Qc2
dxc4 9. Bxc4 b5 10. Bd3 a6 11. Ne5 Bb7 12. O-O c5 13. Nxd7 Qxd7 14. dxc5 Qc6 15.
f3 Bxc5 16. Rac1 Rac8 17. Kh1 Qb6 18. Rfe1 h6 19. Qe2 Rfd8 20. a3 Nh5 21. Bh2
Bd6 22. f4 Nf6 23. b4 Bb8 24. Bb1 Ba7 25. Bg1 Qd6 26. Red1 Qb8 27. Bf2 Rxd1+ 28.
Qxd1 Nd5 29. Nxd5 Bxd5 30. Qd2 Rxc1+ 31. Qxc1 Qb7 32. Qf1 Qc6 33. e4 Bc4 34. Qe1
Bxf2 35. Qxf2 Qd6 36. Bc2 g6 37. Qe3 a5 38. bxa5 Kg7 39. Kg1 e5 40. g3 b4 41.
fxe5 Qxe5 42. axb4 Qa1+ 43. Kg2 Qb2 44. Qf2 Qxb4 45. Bd1 Ba6 46. Bf3 Qxa5 47.
Qd4+ Kg8 48. Qf2 Qe5 49. h4 h5 50. Qb6 Bc4 51. Qd8+ 1/2-1/2

[Event "Reykjavik Open 2026"]
[Site "Reykjavik ISL"]
[Date "2026.03.26"]
[Round "3.59"]
[White "Patel, Zain"]
[Black "Larsson, Elin"]
[Result "1-0"]
[WhiteElo "2062"]
[BlackElo "1815"]
[WhiteFideId "469246"]
[BlackFideId "1771787"]
[EventDate "2026.03.25"]

1. Nf3 Nf6 2. d4 g6 3. c4 Bg7 4. Nc3 d6 5. e4 O-O 6. Be2 Nbd7 7. O-O e5 8. Re1
Qe7 9. Bf1 c6 10. Rb1 a5 11. d5 Nc5 12. b3 Ne8 13. Bg5 f6 14. Be3 Na6 15. dxc6
bxc6 16. Nd5 Qb7 17. Nb6 Rb8 18. Qd2 c5 19. Nxc8 Qxc8 20. a3 Qc7 21. h4 h5 22.
Qc3 Ra8 23. Red1 Rf7 24. g3 f5 25. Ng5 Rf6 26. exf5 gxf5 27. Qd3 Qe7 28. Qd5+
Kh8 29. Qxa8 1-0

[Event "Reykjavik Open 2026"]
[Site "Reykjavik ISL"]
[Date "2026.03.26"]
[Round "3.60"]
[White "Lekoudis, George"]
[Black "Krischer, Markus"]
[Result "0-1"]
[WhiteElo "1814"]
[BlackElo "2042"]
[WhiteFideId "484679"]
[BlackFideId "34616152"]
[EventDate "2026.03.25"]

1. e4 e5 2. Nf3 Nc6 3. c3 Nf6 4. d4 Nxe4 5. d5 Bc5 6. Be3 Bxe3 7. fxe3 Ne7 8.
Nxe5 O-O 9. Nd2 d6 10. Nef3 Nf6 11. e4 Re8 12. Bd3 Nexd5 13. Qb3 Nf4 14. Bf1
Nxe4 15. O-O-O Nf2 16. Bc4 d5 0-1

[Event "Reykjavik Open 2026"]
[Site "Reykjavik ISL"]
[Date "2026.03.26"]
[Round "3.61"]
[White "Arnalds, Stefan"]
[Black "Petry, Martin"]
[Result "0-1"]
[WhiteElo "1809"]
[BlackElo "2042"]
[WhiteFideId "2304821"]
[BlackFideId "1352318"]
[EventDate "2026.03.25"]

1. Nf3 Nf6 2. g3 g6 3. Bg2 Bg7 4. O-O O-O 5. d4 d6 6. c4 Nbd7 7. Nc3 e5 8. dxe5
dxe5 9. e4 c6 10. Qc2 Re8 11. h3 Qc7 12. Kh2 Nf8 13. Be3 Ne6 14. Rad1 b6 15. b3
Bb7 16. Rd2 a6 17. Rfd1 Rac8 18. Ng5 Nd4 19. Bxd4 exd4 20. Rxd4 c5 21. R4d3 h6
22. Nf3 Bxe4 23. Nxe4 Nxe4 24. Rd7 Qb8 25. Nh4 Nf6 26. R7d2 Rcd8 27. Rxd8 Rxd8
28. Rd3 Rd4 29. Re3 Rxh4 30. f4 Ng4+ 0-1

[Event "Reykjavik Open 2026"]
[Site "Reykjavik ISL"]
[Date "2026.03.26"]
[Round "3.62"]
[White "Kolka, David"]
[Black "Vega, Isaac"]
[Result "1-0"]
[WhiteElo "2069"]
[BlackElo "1803"]
[WhiteFideId "2308010"]
[BlackFideId "30914035"]
[EventDate "2026.03.25"]

1. e4 c5 2. Nf3 e6 3. c3 d5 4. exd5 Qxd5 5. d4 Nf6 6. Na3 Qd8 7. Nc4 b6 8. Bf4
Bb7 9. Bxb8 Bxf3 10. Qxf3 Rxb8 11. Ne5 Bd6 12. Nc6 Qc7 13. Nxb8 Qxb8 14. Bb5+
Kf8 15. Rd1 cxd4 16. Rxd4 Bc5 17. Rd2 h5 18. O-O Ng4 19. g3 Nf6 20. Rfd1 Be7 21.
Rd4 g5 22. b4 Kg7 23. Ba6 e5 24. R4d2 h4 25. Qb7 Qf8 26. Qxa7 Ne4 27. Rd7 Nxc3
28. R1d3 Ne2+ 29. Kf1 e4 30. Rxe7 exd3 31. Bxd3 hxg3 32. hxg3 Nxg3+ 33. fxg3 Rh2
34. Qc7 Kf6 35. Qe5# 1-0

[Event "Reykjavik Open 2026"]
[Site "Reykjavik ISL"]
[Date "2026.03.26"]
[Round "3.63"]
[White "Mariller, Romain"]
[Black "McMillan, Felix"]
[Result "1/2-1/2"]
[WhiteElo "2031"]
[BlackElo "1795"]
[WhiteFideId "45136912"]
[BlackFideId "150098722"]
[EventDate "2026.03.25"]

1. e4 c5 2. Nf3 e6 3. d4 cxd4 4. Nxd4 a6 5. Nc3 Qc7 6. Bd3 Nf6 7. Qe2 Bb4 8. Bd2
d6 9. O-O Bc5 10. Nb3 Ba7 11. Be3 b5 12. Rad1 O-O 13. Bxa7 Qxa7 14. e5 dxe5 15.
Qxe5 Nbd7 16. Qg3 Qb6 17. Nd2 Nc5 18. Nde4 Nfxe4 19. Nxe4 Nxe4 20. Bxe4 Bb7 21.
Rd6 Qc7 22. Bxb7 Qxb7 23. Rfd1 Rac8 24. Qd3 h6 25. c3 Rc6 26. Rd4 Rcc8 27. h3 e5
28. Rd7 Qb6 29. Qd5 Qc5 30. Qxc5 Rxc5 31. Ra7 Rc6 32. Rdd7 g5 33. Kf1 Kg7 34.
Ke2 Kf6 35. Ke3 Kg6 36. Ke4 Re6 37. g4 Rf6 38. f3 Re8 39. Re7 Rxe7 40. Rxe7 Rf4+
41. Ke3 Kf6 42. Rb7 Ra4 43. Rb6+ Kg7 44. a3 f6 45. Rc6 Kg6 46. Rb6 Kg7 47. Rd6
Kg6 48. Rc6 Kg7 49. Rc7+ Kg6 50. Rc8 Kg7 51. b4 Rxa3 52. Ke4 Ra1 53. Kf5 Rf1 54.
Rc7+ Kf8 55. Kxf6 Rxf3+ 56. Kxe5 Rxh3 57. Kf6 Ke8 58. Kg6 Rh4 59. Ra7 Rxg4 60.
Kxh6 Rc4 1/2-1/2

[Event "Reykjavik Open 2026"]
[Site "Reykjavik ISL"]
[Date "2026.03.26"]
[Round "3.64"]
[White "Teeuwen, Jos"]
[Black "Dillenschneider, Antoine"]
[Result "1-0"]
[WhiteElo "2024"]
[BlackElo "1787"]
[WhiteFideId "1008897"]
[BlackFideId "527032787"]
[EventDate "2026.03.25"]

1. e4 c6 2. Nc3 d5 3. Nf3 dxe4 4. Nxe4 Nf6 5. Qe2 Nxe4 6. Qxe4 Nd7 7. Bc4 Nf6 8.
Ne5 e6 9. Qe2 Bd6 10. d4 Qc7 11. O-O O-O 12. Re1 h6 13. Bd3 c5 14. c3 cxd4 15.
cxd4 b6 16. Qf3 Nd5 17. Bd2 Bb7 18. Qh5 f5 19. Rac1 Qd8 20. Bxh6 gxh6 21. Qg6+
Kh8 22. Qxh6+ Kg8 23. Qxe6+ Kh8 24. Qh6+ Kg8 25. Qg6+ Kh8 26. Bxf5 Nf6 27. Rc3 1-0

[Event "Reykjavik Open 2026"]
[Site "Reykjavik ISL"]
[Date "2026.03.26"]
[Round "3.65"]
[White "Petursson, Gudni"]
[Black "Chidichimo, Pedro Jose Maria"]
[Result "1/2-1/2"]
[WhiteElo "2027"]
[BlackElo "1786"]
[WhiteFideId "2301725"]
[BlackFideId "24545252"]
[EventDate "2026.03.25"]

1. d4 d5 2. Nf3 Nf6 3. c4 e6 4. g3 Bd6 5. Bg2 O-O 6. O-O Re8 7. Qc2 h6 8. Nbd2
Nbd7 9. b3 c5 10. Bb2 Rb8 11. Rad1 b6 12. e3 Bb7 13. Rfe1 Rc8 14. Qb1 Qc7 15.
Rc1 Qb8 16. Qa1 1/2-1/2

[Event "Reykjavik Open 2026"]
[Site "Reykjavik ISL"]
[Date "2026.03.26"]
[Round "3.66"]
[White "Hellstrand, Josefina"]
[Black "Wang, Shanshan"]
[Result "1-0"]
[BlackTitle "WFM"]
[WhiteElo "1766"]
[BlackElo "2011"]
[WhiteFideId "1776797"]
[BlackFideId "8605262"]
[EventDate "2026.03.25"]

1. e4 c5 2. Nc3 d6 3. f4 Nc6 4. Bb5 Bd7 5. Nf3 g6 6. O-O Bg7 7. d3 a6 8. Bxc6
Bxc6 9. a4 e6 10. e5 d5 11. d4 cxd4 12. Qxd4 Ne7 13. Qf2 O-O 14. Ne2 b6 15. Ned4
Bd7 16. b3 Re8 17. Ba3 Qc7 18. Qh4 Nf5 19. Nxf5 exf5 20. Nd4 Qd8 21. Qxd8 Rexd8
22. Rf3 Rdc8 23. Rd1 b5 24. a5 Be6 25. Rdd3 Bf8 26. Bxf8 Kxf8 27. Rc3 Bd7 28. b4
Rc4 29. Rxc4 dxc4 30. c3 Rd8 31. Rh3 h5 32. Rg3 Bc8 33. Kf2 Bb7 34. h4 Be4 35.
Ke3 Rd7 36. Kf2 Kg7 37. Ke3 Re7 38. Kf2 f6 39. e6 Kh7 40. Kg1 Bd5 41. Kf2 Be4
42. Kg1 Rg7 43. Kf2 Kg8 44. Ke3 Kf8 45. Kf2 Ke7 46. Kg1 Rg8 47. Kf2 Kd6 48. Kg1
g5 49. Kf2 Rh8 50. hxg5 h4 51. Re3 fxg5 52. fxg5 Ke7 53. Re1 Rh5 54. Rxe4 fxe4
55. Nf5+ Kf8 56. e7+ Kf7 57. e8=Q+ Kxe8 58. Ng7+ Kf7 59. Nxh5 Kg6 60. Nf6 e3+
61. Kxe3 Kxg5 62. Ne4+ Kg4 63. Kf2 Kf4 64. Nc5 1-0

[Event "Reykjavik Open 2026"]
[Site "Reykjavik ISL"]
[Date "2026.03.26"]
[Round "3.67"]
[White "Van de Steeg, Tim"]
[Black "Olafsson, Olafur Orn"]
[Result "1/2-1/2"]
[WhiteElo "2002"]
[BlackElo "1764"]
[WhiteFideId "40108112"]
[BlackFideId "2312042"]
[EventDate "2026.03.25"]

1. d4 d5 2. c4 e6 3. Nc3 Nf6 4. cxd5 exd5 5. Bg5 c6 6. e3 Bd6 7. Bd3 O-O 8. Nge2
Re8 9. h3 a5 10. O-O Na6 11. Qd2 h6 12. Bh4 Qe7 13. Rad1 Nc7 14. e4 dxe4 15.
Nxe4 Ncd5 16. Nxd6 Qxd6 17. Bg3 Qb4 18. Nc3 Be6 19. a3 Qe7 20. Rfe1 Nxc3 21.
Qxc3 Nd5 22. Qc5 Qd7 23. Bb1 a4 24. Re5 g6 25. Qc1 Kg7 26. Rde1 f6 27. R5e2 Bf7
28. Qd1 b5 29. Be4 Re7 30. Qc1 Rae8 31. Qc5 Re6 32. f3 R6e7 33. Kf2 1/2-1/2

[Event "Reykjavik Open 2026"]
[Site "Reykjavik ISL"]
[Date "2026.03.26"]
[Round "3.68"]
[White "Rijnders, Nanno"]
[Black "Oelschlaeger, Lennart"]
[Result "0-1"]
[WhiteElo "1749"]
[BlackElo "1984"]
[WhiteFideId "1065670"]
[BlackFideId "12996807"]
[EventDate "2026.03.25"]

1. d4 d5 2. Nf3 Nf6 3. c4 e6 4. g3 Be7 5. Bg2 O-O 6. O-O dxc4 7. Nc3 c5 8. dxc5
Qa5 9. h3 Nc6 10. Nd4 Rd8 11. Nxc6 bxc6 12. Qa4 Qxa4 13. Nxa4 Nd5 14. Bd2 Ba6
15. Rfd1 Bb5 16. Nc3 Bxc5 17. a4 Ba6 18. e4 Nb4 19. Be1 e5 20. Rxd8+ Rxd8 21.
Rd1 Rxd1 22. Nxd1 Nd3 23. Bc3 Kf8 24. Bf1 Bd4 25. Bxd3 cxd3 26. Bxd4 exd4 27. f4
Bc4 28. Kf2 d2 29. a5 c5 30. Kf3 Ke7 31. e5 Bd3 32. g4 Ke6 33. Nf2 Kd5 34. h4 c4
35. Nd1 Bc2 36. Ke2 Bxd1+ 37. Kxd1 c3 38. bxc3 dxc3 0-1

[Event "Reykjavik Open 2026"]
[Site "Reykjavik ISL"]
[Date "2026.03.26"]
[Round "3.69"]
[White "Braun, Janosch"]
[Black "Berezovskii, Arina"]
[Result "0-1"]
[BlackTitle "WCM"]
[WhiteElo "1728"]
[BlackElo "1999"]
[WhiteFideId "1355171"]
[BlackFideId "34449850"]
[EventDate "2026.03.25"]

1. d4 Nf6 2. c4 e6 3. Nf3 b6 4. g3 Bb4+ 5. Bd2 Bxd2+ 6. Qxd2 Bb7 7. Nc3 O-O 8.
Bg2 Ne4 9. Nxe4 Bxe4 10. O-O d6 11. Rfd1 Nd7 12. Qc3 Qe7 13. Nd2 Bxg2 14. Kxg2
e5 15. dxe5 dxe5 16. e4 Rfd8 17. Nf3 f6 18. Qe3 Nc5 19. Qe2 a5 20. Rd5 c6 21.
Rdd1 Rxd1 22. Rxd1 Rd8 23. Rxd8+ Qxd8 24. Qd2 Qc8 25. Qc2 Qg4 26. Qd2 Qxe4 27.
Qd8+ Kf7 28. Qxb6 Nd3 29. Qxa5 Nxb2 30. Qc3 Nxc4 31. a4 Qd5 32. Kh3 g5 33. g4 e4
34. Nd4 c5 35. Kg2 0-1

[Event "Reykjavik Open 2026"]
[Site "Reykjavik ISL"]
[Date "2026.03.26"]
[Round "3.70"]
[White "Mehta, Hursh"]
[Black "Magnusdottir, Veronika Steinunn"]
[Result "1-0"]
[WhiteElo "2000"]
[BlackElo "1711"]
[WhiteFideId "30961157"]
[BlackFideId "2309114"]
[EventDate "2026.03.25"]

1. Nf3 d5 2. d4 Nf6 3. c4 c6 4. g3 Bf5 5. Nc3 e6 6. Nh4 Bg4 7. h3 Bh5 8. g4 Ne4
9. Nxe4 dxe4 10. Ng2 Bg6 11. Nf4 Qb6 12. h4 Bb4+ 13. Bd2 Na6 14. Bxb4 Qxb4+ 15.
Qd2 e3 16. fxe3 Be4 17. Bg2 Bxg2 18. Nxg2 Qxc4 19. O-O Rd8 20. b3 Qb4 21. Qc2
Nc7 22. Nf4 Nd5 23. Qe4 Qc3 24. Ng2 Ke7 25. Rac1 Qd2 26. Rc2 Nc3 27. Rxf7+ Kxf7
28. Qf4+ Ke7 29. Qg5+ Kf7 30. Rxd2 Ne4 31. Qf4+ 1-0

[Event "Reykjavik Open 2026"]
[Site "Reykjavik ISL"]
[Date "2026.03.26"]
[Round "3.71"]
[White "Austin, Freya"]
[Black "Berg, Kurt Magnus"]
[Result "1-0"]
[WhiteElo "1708"]
[BlackElo "1966"]
[WhiteFideId "39932079"]
[BlackFideId "1507389"]
[EventDate "2026.03.25"]

1. e4 c5 2. c3 d5 3. exd5 Qxd5 4. Nf3 Nc6 5. Na3 Bg4 6. Be2 Nf6 7. d3 e5 8. Nc4
Be7 9. Ne3 Qd7 10. Nxg4 Nxg4 11. O-O O-O 12. Nd2 Nf6 13. a4 Nd5 14. Nc4 Rad8 15.
Re1 f5 16. Bf3 Bf6 17. Qb3 Kh8 18. Be3 b6 19. a5 b5 20. Qxb5 Nd4 21. Qxd7 Nxf3+
22. gxf3 Rxd7 23. Bxc5 Rc8 24. Nxe5 Rb7 25. Nc4 Nf4 26. Nd6 1-0

[Event "Reykjavik Open 2026"]
[Site "Reykjavik ISL"]
[Date "2026.03.26"]
[Round "3.72"]
[White "Helgason, Olafur Sindri"]
[Black "Gilbert, Michael A"]
[Result "0-1"]
[WhiteElo "1699"]
[BlackElo "1960"]
[WhiteFideId "370243352"]
[BlackFideId "2068036"]
[EventDate "2026.03.25"]

1. d4 c5 2. e3 e6 3. b3 cxd4 4. exd4 Nf6 5. Bd3 Nc6 6. Nf3 Be7 7. O-O O-O 8. Bb2
d5 9. Nbd2 Bd7 10. a3 a5 11. Re1 Qc7 12. Rc1 Rfd8 13. c4 dxc4 14. Nxc4 Nd5 15.
Nce5 Be8 16. Qd2 Rac8 17. Rc2 Qb6 18. Nxc6 Rxc6 19. Rxc6 Bxc6 20. Bc2 Nf6 21.
Ne5 Rc8 22. Nc4 Qc7 23. Qxa5 Qxa5 24. Nxa5 Bxg2 25. Bxh7+ Kxh7 26. Kxg2 Rc2 27.
Bc1 Ng4 28. Rf1 b6 29. h3 Nf6 30. Nc4 Nd5 31. a4 Rc3 32. Ne3 Rxb3 33. Nxd5 exd5
34. Re1 Bf6 35. Be3 Rb4 36. Ra1 Bxd4 37. Bxd4 Rxd4 38. Rb1 Rxa4 39. Rxb6 f6 40.
Rd6 Rd4 41. Kf3 Kg6 42. Ke3 Re4+ 43. Kf3 Re5 44. Kf4 Rf5+ 45. Kg4 Rg5+ 46. Kf4
Kf7 47. h4 Rh5 48. Rd7+ Ke6 49. Rxg7 Rxh4+ 50. Ke3 Kf5 51. Ra7 Re4+ 52. Kf3 Re6
53. Ra4 Rc6 54. Ke3 Ke5 55. f4+ Kf5 56. Rd4 Rc3+ 57. Ke2 Ke6 58. Kd2 Rc4 59.
Rxc4 dxc4 60. Kc3 Kf5 61. Kxc4 Kxf4 62. Kd3 Kf3 63. Kd2 Kf2 64. Kd3 f5 0-1